00355nam a2200157Ia 4500008004100000041000800041100001200049245004100061260002500102300000800127365001200135500000900147520001200156650001000168999001900178230605s2013 xx 000 0 und d aeng aandrews ahotel front office a training manual bMc. Graw Hell c2013 a372 b338h10 a2088 aGeneral aF. O. c419217d419217